[Event "TUR-chT 1st League"]
[Site "Konya"]
[Date "2019.07.25"]
[Round "6.4"]
[White "Alexanian, Nelli"]
[Black "Gokbulut, Julia"]
[Result "1/2-1/2"]
[WhiteElo "2008"]
[BlackElo "2031"]
[PlyCount "128"]
[EventDate "2019.07.22"]
[EventType "team-swiss"]
[EventRounds "9"]
[EventCountry "TUR"]
[SourceTitle "CBM 191 Extra"]
[Source "ChessBase"]
[SourceDate "2019.09.30"]
[SourceVersion "1"]
[SourceVersionDate "2019.09.30"]
[SourceQuality "1"]
[WhiteTeam "Burdurspor Dernegi"]
[BlackTeam "Manisa Turkuaz"]
[WhiteTeamCountry "TUR"]
[BlackTeamCountry "TUR"]

1. d4 d5 2. c4 e6 3. Nc3 Be7 4. Nf3 c6 5. cxd5 exd5 6. Bf4 Bf5 7. Qb3 Qb6 8. Nd2 Qxb3 9. axb3 Nd7 10. f3 g5 11. Bg3 Ngf6 12. e4 Be6 13. Bd3 0-0 14. h4 Nh5 15. Bf2 Nf4 16. Bf1 gxh4 17. Bxh4 Bxh4+ 18. Rxh4 Ng6 19. Rh2 dxe4 20. fxe4 Nf6 21. Nc4 b5 22. Na5 b4 23. Na2 Nxe4 24. Nxb4 c5 25. Bd3 Bg4 26. Nd5 Rae8 27. Bxe4 Rxe4+ 28. Kf1 f5 29. dxc5 Re5 30. Nc3 Rxc5 31. b4 Rc7 32. b5 Ne5 33. Rh6 Nd3 34. Nc6 f4 35. Nd5 Rcf7 36. Rxa7 Kg7 37. Rxf7+ Rxf7 38. Rd6 f3 39. Ne3 fxg2+ 40. Kxg2 Nf4+ 41. Kg3 Be2 42. Nd8 Nh5+ 43. Kg2 Rf3 44. Ne6+ Kg8 45. Rd8+ Kf7 46. Ng5+ Ke7 47. Nxf3 Kxd8 48. Nd4 Bd3 49. Ne6+ Kc8 50. b6 Be4+ 51. Kh3 Nf6 52. Kg3 Kb7 53. Nc4 Bd5 54. Nc5+ Kb8 55. Na6+ Kb7 56. Nc5+ Kb8 57. Nd6 Bc6 58. b4 Nd7 59. Na6+ Ka8 60. Nc7+ Kb8 61. Na6+ Ka8 62. b5 Bxb5 63. b7+ Ka7 64. Nxb5+ Kxb7 1/2-1/2